[Event "POL-chT 2nd League"]
[Site "Lazy"]
[Date "2012.09.06"]
[Round "6"]
[White "Paprocka, Renata"]
[Black "Kozlowska, Marzena"]
[Result "0-1"]
[WhiteElo "1985"]
[BlackElo "1913"]
[PlyCount "118"]
[EventDate "2012.09.01"]
[EventType "team-swiss"]
[EventRounds "9"]
[EventCountry "POL"]
[SourceTitle "EXT 2019"]
[Source "ChessBase"]
[SourceDate "2018.10.10"]
[SourceVersion "1"]
[SourceVersionDate "2018.10.10"]
[SourceQuality "1"]
[WhiteTeam "Bydgoszcz Hetman"]
[BlackTeam "Srem LKS Piast"]
[WhiteTeamCountry "POL"]
[BlackTeamCountry "POL"]

1. d4 g6 2. Nf3 Bg7 3. c4 d6 4. Nc3 Nd7 5. e4 e5 6. Bg5 f6 7. Be3 Nh6 8. h3 0-0 9. Qd2 Nf7 10. 0-0-0 c6 11. Bd3 a6 12. g4 b5 13. c5 Qa5 14. Kb1 b4 15. Ne2 dxc5 16. dxc5 Nxc5 17. Bc4 Kh8 18. Qc2 Nd8 19. Nd2 Nce6 20. Nb3 Qc7 21. Nc5 a5 22. Rd3 Re8 23. Na4 Rb8 24. Rhd1 Bf8 25. h4 c5 26. Bxe6 Nxe6 27. b3 Qc6 28. f3 Ba6 29. Rd5 Rec8 30. Nb2 Qb5 31. Nc1 Bb7 32. Rd7 Nd4 33. Bxd4 cxd4 34. Rc7 Bd6 35. Rc4 Ba6 36. Ncd3 Qd7 37. Rxc8+ Rxc8 38. Qd2 Rc3 39. h5 gxh5 40. gxh5 Qh3 41. Qh6 Bxd3+ 42. Nxd3 Qxf3 43. Rg1 Rc7 44. Ka1 Rf7 45. Rc1 Bf8 46. Rc8 Kg8 47. Nc5 Qc3+ 48. Kb1 Qxc5 49. Rxc5 Bxh6 50. Rxa5 Rd7 51. Kc2 d3+ 52. Kd1 Rc7 53. Ra8+ Kf7 54. Ra7 Rxa7 55. a4 bxa3 56. Ke1 a2 57. Kf2 a1Q 58. b4 Qd4+ 59. Kf3 d2 0-1

[Event "Poznan op"]
[Site "Poznan"]
[Date "2012.??.??"]
[Round "8"]
[White "Kaczmarek, Piotr1111"]
[Black "Kozlowska, Marzena"]
[Result "1/2-1/2"]
[WhiteElo "1832"]
[BlackElo "1920"]
[PlyCount "96"]
[EventDate "2012.07.14"]
[EventType "swiss"]
[EventRounds "9"]
[EventCountry "POL"]
[SourceTitle "CBM 149 Extra"]
[Source "ChessBase"]
[SourceDate "2012.08.24"]
[SourceVersion "1"]
[SourceVersionDate "2012.08.24"]
[SourceQuality "1"]

1. c4 Nf6 2. Nc3 d5 3. cxd5 Nxd5 4. g3 g6 5. Bg2 Nxc3 6. bxc3 Bg7 7. Qb3 c6 8. d4 0-0 9. Nf3 Nd7 10. Ba3 Re8 11. Ng5 Rf8 12. 0-0 h6 13. Ne4 Kh7 14. e3 f5 15. Nd2 Re8 16. Rab1 Rb8 17. h4 Nf8 18. Qc2 Be6 19. Nb3 Bd5 20. h5 Bxg2 21. hxg6+ Nxg6 22. Kxg2 Qd5+ 23. f3 Bf6 24. Nc5 Rg8 25. Kf2 b6 26. Nd3 Rg7 27. Rg1 Rbg8 28. Qb3 Qd7 29. f4 c5 30. Rbd1 cxd4 31. cxd4 Rc8 32. Rc1 Rd8 33. Qc4 Rgg8 34. Qc6 Qd5 35. Qxd5 Rxd5 36. Rc2 Rgd8 37. Rgc1 Ra5 38. Bb4 Rad5 39. Bd2 Bxd4 40. Nb4 Bb2 41. Nxd5 Bxc1 42. Nf6+ exf6 43. Rc7+ Kg8 44. Bxc1 a5 45. Rc6 Rd1 46. Ke2 Rg1 47. Kf2 Rd1 48. Ke2 Rg1 1/2-1/2

[Event "Poznan op"]
[Site "Poznan"]
[Date "2012.??.??"]
[Round "2"]
[White "Kozlowska, Marzena"]
[Black "Bednarska, Malgorzata"]
[Result "1/2-1/2"]
[WhiteElo "1920"]
[BlackElo "2138"]
[PlyCount "102"]
[EventDate "2012.07.14"]
[EventType "swiss"]
[EventRounds "9"]
[EventCountry "POL"]
[SourceTitle "CBM 149 Extra"]
[Source "ChessBase"]
[SourceDate "2012.08.24"]
[SourceVersion "1"]
[SourceVersionDate "2012.08.24"]
[SourceQuality "1"]

1. b4 e5 2. Bb2 Bxb4 3. Bxe5 Nf6 4. e3 0-0 5. Nf3 d5 6. Be2 Nbd7 7. Bb2 Re8 8. 0-0 Nb6 9. c3 Bd6 10. d4 c6 11. Nbd2 Bg4 12. c4 Bb8 13. cxd5 cxd5 14. Bb5 Bd7 15. Qb3 Ne4 16. a4 Bxb5 17. Qxb5 Nd6 18. Qb3 Bc7 19. Ne5 Rc8 20. Rfc1 Qh4 21. g3 Qh3 22. a5 Nbc4 23. Ndxc4 dxc4 24. Nxc4 Ne4 25. Ne5 Bxe5 26. dxe5 Nd2 27. Qd1 Rcd8 28. Bd4 Ne4 29. Qf3 Nd2 30. Qd1 Ne4 31. Rc7 Rxe5 32. Qf3 Ng5 33. Qg2 Qxg2+ 34. Kxg2 Rb5 35. Bxa7 Ne4 36. Ra2 h6 37. Bb6 Rb8 38. Rac2 Nd6 39. Rd7 Ne8 40. Rd8 Rxd8 41. Bxd8 Kh7 42. Bb6 Kg6 43. Rc8 Nd6 44. Rc7 h5 45. h4 Kf6 46. Kf3 Ke6 47. Ke2 Rb2+ 48. Kf3 Rb5 49. Rc2 Kd5 50. Rd2+ Ke6 51. Rc2 Kd5 1/2-1/2

[Event "POL-chT3 Wielkopolska 1112"]
[Site "Poland"]
[Date "2012.??.??"]
[Round "8.6"]
[White "Sobierska, Wioletta"]
[Black "Kozlowska, Marzena"]
[Result "1-0"]
[WhiteElo "2005"]
[BlackElo "1937"]
[PlyCount "90"]
[EventDate "2011.11.27"]
[EventType "team-tourn"]
[EventRounds "11"]
[EventCountry "POL"]
[SourceTitle "EXT 2014"]
[Source "ChessBase"]
[SourceDate "2013.11.20"]
[SourceVersion "1"]
[SourceVersionDate "2013.11.20"]
[SourceQuality "1"]
[WhiteTeam "Jarocin JKSW"]
[BlackTeam "Srem LKS Piast"]
[WhiteTeamCountry "POL"]
[BlackTeamCountry "POL"]

1. e4 d5 2. exd5 Nf6 3. d4 Nxd5 4. c4 Nb6 5. c5 Nd5 6. Bc4 c6 7. Nc3 e6 8. Nf3 Be7 9. 0-0 0-0 10. Qc2 b6 11. cxb6 axb6 12. Nxd5 cxd5 13. Bd3 g6 14. Bh6 Re8 15. Rfc1 Ba6 16. Qa4 Bb7 17. Qb3 Nc6 18. Bb5 Rc8 19. Bxc6 Bxc6 20. Ne5 Bb7 21. Rxc8 Bxc8 22. Qf3 f6 23. Nc6 Qd7 24. Nxe7+ Qxe7 25. h4 Ba6 26. Qb3 Qd6 27. Qa4 b5 28. Qa5 Rc8 29. Bd2 e5 30. dxe5 fxe5 31. a4 d4 32. Bb4 Qc6 33. axb5 Bxb5 34. Bd2 Qd5 35. Bg5 Rc2 36. Qa7 Qf7 37. Qa8+ Kg7 38. Ra7 Rc7 39. Rxc7 Qxc7 40. Qd5 Bc6 41. Qe6 Qd7 42. Qf6+ Kg8 43. Bh6 Qf7 44. Qxc6 Qe7 45. Qd5+ Qf7 1-0

[Event "Augustow Golden Rook op 53rd"]
[Site "Augustow"]
[Date "2011.05.31"]
[Round "4.16"]
[White "Dranka, Jowita"]
[Black "Kozlowska, Marzena"]
[Result "1-0"]
[WhiteElo "1523"]
[BlackElo "1960"]
[PlyCount "109"]
[EventDate "2011.05.29"]
[EventType "team-swiss"]
[EventRounds "9"]
[EventCountry "POL"]
[SourceTitle "EXT 2023"]
[Source "ChessBase"]
[SourceDate "2022.10.05"]
[SourceVersion "1"]
[SourceVersionDate "2022.10.05"]
[SourceQuality "1"]
[WhiteTeam "Zarow Goniec"]
[BlackTeam "Srem LKS Piast"]
[WhiteTeamCountry "POL"]
[BlackTeamCountry "POL"]

1. e4 d5 2. exd5 Nf6 3. Nc3 Nxd5 4. Nxd5 Qxd5 5. Nf3 Bf5 6. d4 Qe4+ 7. Be3 Qxc2 8. Qxc2 Bxc2 9. Rc1 Be4 10. Rxc7 Bc6 11. Ne5 Nd7 12. Nxc6 bxc6 13. Rxc6 e5 14. Bb5 Bb4+ 15. Ke2 Rb8 16. a4 Ke7 17. Rc7 Rhd8 18. Rd1 a5 19. dxe5 Ke6 20. f4 f6 21. f5+ Kxf5 22. Rdxd7 Rxd7 23. Bxd7+ Kxe5 24. g3 Rd8 25. Bf4+ Kd5 26. Bf5 Re8+ 27. Kd3 g6 28. Bg4 Rd8 29. Rc4 Rf8 30. Bf3+ Ke6 31. Rc6+ Kf5 32. h3 Rd8+ 33. Kc4 h5 34. Bc7 Rd2 35. b3 Rf2 36. Bd5 Rd2 37. Be6+ Ke4 38. Kb5 Rd3 39. Rc4+ Kf3 40. Rf4+ Kg2 41. Rxf6 g5 42. Rf5 Re3 43. Re5 Rxg3 44. Re2+ Kf3 45. Bxg3 Kxe2 46. Bc7 Kf3 47. Bxa5 Bd6 48. Kc6 Bf4 49. Bc3 g4 50. hxg4 hxg4 51. a5 g3 52. Bd4 Ke4 53. Bc5 Kd3 54. a6 Bb8 55. Kb7 1-0